00521nam a22001697a 450000500170000001000150001702000260003203500130005803700130007108200100008410000190009424501000011326000340021327000610024730000210030870000220032920150608142343.0 aENG-112643 c599.00a9788170949244 aEN-96175 bDBAD/PUB a336.2 aLakhotia, R.N.00aSuccession and tax planning through trusts and wills :cby R.N. Lakhotia [and] Subhash Lakhotia aNew DelhibVision Booksc2015 a24 Feroze Gandhi Road, Lajpat Nagar 3bNew Delhie110024 a264p.c23cm(pbk) aLakhotia, Subhash